000 00509nam a2200181Ia 4500
001 5191
005 20260306145850.0
008 260306t1963||||xx |||||||||||||| ||spa||
041 _aESP
082 _a337.142
_bA22
100 _aOficina de Coordinación y Programación Económica
_eAUT
245 0 _aAcuerdo de asociación entre la comunidad económica europea y el reino de Grecia
260 _c1963
300 _a115 páginas :
_c21 cm.
650 _aGEN
654 _aCAN
942 _cLIB
_dJUS
_fJUS
_2ddc
_n
999 _c5191
_d5191